Mers d'Europe - Statistiques

Statistiques générales
  • Ce quiz a été pris 22 fois
  • Le résultat moyen est 11 sur 33
Réponses sur la Carte
Les réponses sont colorées sur une échelle allant du rouge au vert en fonction du pourcentage des utilisateurs qui les ont devinées à leur premier essai. Vous pouvez retrouver ces pourcentages ci-dessous.
 
Statistiques - réponses
Sea % Correct
Mer Méditerranée
100%
Mer Baltique
89%
Mer du Nord
89%
Mer Noire
89%
Mer Adriatique
83%
Mer Égée
78%
Mer Caspienne
67%
Mer de Norvège
56%
Mer Ionienne
56%
Mer de marmara
39%
Mer Tyrrhénienne
39%
Mer Blanche
28%
Mer de Baléares
28%
Mer de Crète
28%
Mer Celtique
22%
Mer de Sardaigne
22%
Mer d'Irlande
22%
Mer du Groenland
22%
Mer Ligure
22%
Mer d'Azov
17%
Mer des Barents
17%
Mer de Botnie
11%
Mer des Hébrides
11%
Mer d'Iroise
11%
Mer d'Alboran
6%
Mer de Kara
6%
Mer de Petchora
6%
Mer Cantabrique
0%
Mer d'Åland
0%
Mer de l'Archipel
0%
Mer des Wadden
0%
Mer de Thrace
0%
Mer Myrtoane
0%
Aucun quiz correspondant
Distribution des résultats
% des personnes avec chaque résultat
Percentile par nombre de réponses
Votre historique - résultats
Vous n’avez pas pris ce quiz